000
00184 a2200097 4500
020
_a
9781426714160
041
_a
eng
100
_a
Gerlach, Rita
245
_a
Beyond the valley
942
_c
BK
999
_c
805
_d
805